| 000 | 00914nam a2200277 i 4500 | ||
|---|---|---|---|
| 001 | bg | ||
| 100 | 1 |
_aMISIAK, Władysław _d(1936- ) |
|
| 245 | 1 | 0 | _aNarodowe cechy kultury organizacyjnej w biznesie. |
| 260 |
_aWarszawa : _bWydawnictwa Uniwersytetu Warszawskiego, _c2004. |
||
| 300 |
_a180 s. : _brys., wykr. ; _c24 cm. |
||
| 500 | _aStreszcz. ang. | ||
| 504 | _aBibliogr. s. 157-172. Indeks. | ||
| 650 | 9 | _aEtnopsychologia | |
| 650 | 9 |
_aPrzedsiębiorstwo _xkultura |
|
| 650 | 9 |
_aPrzedsiębiorstwo _xpsychologia |
|
| 650 | 9 |
_aPrzedsiębiorstwo _xsocjologia |
|
| 015 | _aPB 191/2005 | ||
| 020 | _a8323501416 | ||
| 040 | _cBPK | ||
| 041 | 0 |
_apol _beng |
|
| 080 | _a658.1/.5.012:316.334.23:316.7:159.922.4 | ||
| 920 | _a83-235-0141-6 | ||
| 942 | _cKS | ||
| 008 | s pl f |000 0 pol | ||
| 999 |
_c46300 _d46300 |
||
| 856 |
_uhttp://koha.tu.koszalin.pl/cgi-bin/koha/opac-detail.pl?biblionumber=46300 _yKatalog online BPK |
||